The Urban pattern city planning and design (Record no. 10858)

000 -LEADER
fixed length control field 00324nam a2200121 4500
003 - CONTROL NUMBER IDENTIFIER
control field OSt
005 - DATE AND TIME OF LATEST TRANSACTION
control field 20221019130459.0
008 - FIXED-LENGTH DATA ELEMENTS--GENERAL INFORMATION
fixed length control field 221019b ||||| |||| 00| 0 eng d
100 ## - MAIN ENTRY--PERSONAL NAME
Personal name B Gallion and Simon Eisner
245 ## - TITLE STATEMENT
Title The Urban pattern city planning and design
260 ## - PUBLICATION, DISTRIBUTION, ETC. (IMPRINT)
Place of publication, distribution, etc New York
Name of publisher, distributor, etc Van Nostrand company
942 ## - ADDED ENTRY ELEMENTS (KOHA)
Source of classification or shelving scheme
Holdings
Withdrawn status Lost status Source of classification or shelving scheme Damaged status Not for loan Permanent location Current location Date acquired Barcode Date last seen Price effective from Non-public note Koha item type Public note
          BMS College of Architecture, Design and Planning BMS College of Architecture, Design and Planning 2022-10-19 AR-DB534 2022-10-19 2022-10-19 Donated by Ar. K.V. Harsha Babu, Harsha Design Associates Donated Book Donated by Ar. K.V. Harsha Babu, Harsha Design Associates
Copyright © 2025, The Librarian, Library and Information Centre, BMSCA D&P, Bengaluru. All Rights Reserved
web counter

Powered by Koha